00751pam a2200157 a 4500020000500000041000500005082002800010100001200038245006500050260005600115300001400171930000800185999001900193952018600212952019500398 c h a5.1399999999999997bDES aDesikam aSoftware Testing Principles And PracticeshTextual Documents aNew DelhibPearson Education [Addison Wesley]c2007 aXVIII/486 a934 c107767d107767 001040708GeneralaAKSbAKSd2007-08-24eBharati Madhyavarti Sahakari Grahakbhandar Limitedg275.00l0o5.1399999999999997 DESpAKS-C-02265r2023-03-01 00:00:00t2w2023-03-01yBK 001440708GeneralaAKSbAKScMissingd2007-08-24eBharati Madhyavarti Sahakari Grahakbhandar Limitedg275.00l0o5.1399999999999997 DESpAKS-C-02264r2023-03-01 00:00:00t1w2023-03-01yBK